[Event "BRA-ch 88th"]
[Site "Recife"]
[Date "2022.12.16"]
[Round "2"]
[White "Andrade, Raul A Lima De Sous"]
[Black "Lima, Luiz Alexandre de S"]
[Result "1/2-1/2"]
[WhiteElo "1200"]
[BlackElo "1796"]
[PlyCount "56"]
[EventDate "2022.12.15"]
[EventType "swiss"]
[EventRounds "11"]
[EventCountry "BRA"]
[SourceTitle "CBM 212 Extra"]
[Source "ChessBase"]
[SourceDate "2023.03.31"]
[SourceVersion "1"]
[SourceVersionDate "2023.03.31"]
[SourceQuality "1"]

1. d4 Nf6 2. c4 Nc6 3. Nc3 e5 4. dxe5 Nxe5 5. e4 Bc5 6. Be2 0-0 7. Bf4 Ng6 8. Bg3 d6 9. Nf3 a6 10. e5 Nh5 11. exd6 cxd6 12. 0-0 Nxg3 13. hxg3 Be6 14. Nd5 f5 15. Nd4 Bxd5 16. cxd5 f4 17. Ne6 Qf6 18. Nxf8 fxg3 19. Nxg6 gxf2+ 20. Kh2 hxg6 21. Bg4 Qh4+ 22. Bh3 Re8 23. Qg4 Qf6 24. Qd7 Re5 25. Qxb7 Re4 26. Qb8+ Kh7 27. g3 Qe5 28. Bg2 Qxg3+ 1/2-1/2